Sports Quiz

Random Sports or Basketball Quiz
Score 0/10 Timer 03:00
0 Plays Today
% Correct
San Francisco
63.9%
UNLV
62.4%
North Carolina State
56.8%
Houston
55.2%
Arkansas
53.4%
Utah
39%
Cincinnati
38.6%
Iowa
37.4%
California
31.2%
Kansas State
27.8%
Remove Ads.
Support Sporcle.
Get the best of Sporcle when you Go Orange. This ad-free experience offers more features, more stats, and more fun while also helping to support Sporcle. Thank you for becoming a member.

You're not logged in!

Compare scores with friends on all Sporcle quizzes.
OR
Log In

Sporcle TV

Today on Sporcle TV


Watch our educational content, quiz creation guides, and fun videos on Sporcle TV.

Show Comments

Extras

Top Quizzes Today


Score Distribution

Paid Content

Your Account Isn't Verified!

In order to create a playlist on Sporcle, you need to verify the email address you used during registration. Go to your Sporcle Settings to finish the process.

Report this User

Report this user for behavior that violates our Community Guidelines.

Details: